[Event "France - Open A"]
[Site "Chartres"]
[Date "2019.08.24"]
[Round "8.34"]
[White "Fournier, Dimitri"]
[Black "Trabet, Mathis"]
[Result "0-1"]
[WhiteElo "2034"]
[BlackElo "1989"]
[PlyCount "54"]
[EventDate "2019.08.??"]
[EventType "swiss"]
[EventRounds "9"]
[EventCountry "FRA"]
[WhiteTeam "Club du Canal St-Martin Paris"]
[BlackTeam "Echecs Club de Corbas"]

1. e4 c5 2. Nf3 d6 3. Bb5+ Nd7 4. O-O a6 5. Bd3 Ngf6 6. Re1 b5 7. c4 g5 8. e5
Nxe5 9. Nxe5 dxe5 10. Qc2 Bb7 11. cxb5 Qd5 12. Bf1 Qd4 13. bxa6 Bxa6 14. Bxa6
Rxa6 15. Qc3 Nd5 16. Qxd4 exd4 17. b3 Nb4 18. Na3 Nd3 19. Rd1 Nxc1 20. Rdxc1
Rxa3 21. Rxc5 Bg7 22. d3 O-O 23. Rxg5 Rfa8 24. g3 Rxa2 25. Rxa2 Rxa2 26. b4 e5
27. f4 f6 0-1

[Event "France - Open A"]
[Site "Chartres"]
[Date "2019.08.24"]
[Round "8.35"]
[White "Haberthur, Maxime"]
[Black "Kantzer, Romain"]
[Result "1/2-1/2"]
[WhiteElo "1985"]
[BlackElo "2034"]
[PlyCount "65"]
[EventDate "2019.08.??"]
[EventType "swiss"]
[EventRounds "9"]
[EventCountry "FRA"]
[WhiteTeam "Echiquier Clermontois Arverne - ECA"]
[BlackTeam "Bischwiller"]

1. e4 c5 2. Nc3 Nc6 3. g3 g6 4. Bg2 Bg7 5. d3 d6 6. Be3 Rb8 7. Qd2 b5 8. Nge2
Nd4 9. O-O h5 10. Nd1 Nxe2+ 11. Qxe2 b4 12. a3 Qa5 13. h3 Nf6 14. f4 e6 15. f5
exf5 16. exf5 O-O 17. fxg6 fxg6 18. Bf4 Qc7 19. Ne3 Qe7 20. Qd2 Be6 21. Nc4 Ne8
22. Rae1 Qd7 23. axb4 cxb4 24. Kh2 Kh7 25. Qe2 Bxc4 26. dxc4 Bxb2 27. Qe7+ Qxe7
28. Rxe7+ Bg7 29. Rxa7 Rc8 30. Bg5 Rxf1 31. Bxf1 Rc7 32. Rxc7 Nxc7 33. Be7
1/2-1/2

[Event "France - Open A"]
[Site "Chartres"]
[Date "2019.08.24"]
[Round "8.36"]
[White "Delboe, Charles"]
[Black "Emmenecker, Pierre-Antoine"]
[Result "1/2-1/2"]
[WhiteElo "1965"]
[BlackElo "2021"]
[PlyCount "93"]
[EventDate "2019.08.??"]
[EventType "swiss"]
[EventRounds "9"]
[EventCountry "FRA"]
[WhiteTeam "C.E. Neuville-en-Ferrain"]
[BlackTeam "Issy-Les-Moulineaux"]

1. d4 d5 2. Nc3 Nf6 3. Bf4 e6 4. Nb5 Na6 5. e3 c6 6. Nc3 Nc7 7. Nf3 Bb4 8. Bd3
Nb5 9. Bxb5 cxb5 10. Qd3 Qa5 11. Nd2 Bxc3 12. bxc3 Ne4 13. f3 Qxc3 14. Rb1
Qxd2+ 15. Qxd2 Nxd2 16. Kxd2 Bd7 17. Bd6 f6 18. a4 a6 19. a5 Kf7 20. Bc5 e5 21.
c3 h5 22. Rbe1 Rac8 23. h4 Rh6 24. Ke2 Rg8 25. Kf2 e4 26. f4 Rg6 27. Reg1 Rg4
28. Rh2 g5 29. hxg5 fxg5 30. Rxh5 gxf4 31. exf4 Rxf4+ 32. Ke3 Rf6 33. Rh7+ Ke8
34. Re7+ Kd8 35. Re5 Rg3+ 36. Kd2 Rf2+ 37. Ke1 Ra2 38. Rh1 Ra1+ 39. Kf2 Rxh1
40. Kxg3 Bc6 41. Kf4 Rf1+ 42. Kg5 Rg1 43. g4 Bd7 44. Bb6+ Kc8 45. Rxd5 Rxg4+
46. Kf6 Rg8 47. Re5 1/2-1/2

[Event "France - Open A"]
[Site "Chartres"]
[Date "2019.08.24"]
[Round "8.37"]
[White "Guillerm, Mischa"]
[Black "Deveque, Guillaume"]
[Result "1-0"]
[WhiteElo "1960"]
[BlackElo "2016"]
[PlyCount "75"]
[EventDate "2019.08.??"]
[EventType "swiss"]
[EventRounds "9"]
[EventCountry "FRA"]
[WhiteTeam "U.S. Orléans.Echecs"]
[BlackTeam "Lille Université Club Echiquier du Nord"]

1. e4 e6 2. d4 d5 3. Nd2 Nf6 4. e5 Nfd7 5. Bd3 c5 6. c3 Nc6 7. Ne2 cxd4 8. cxd4
a5 9. f4 b6 10. O-O Ba6 11. Bxa6 Rxa6 12. Nf3 Be7 13. f5 exf5 14. Nf4 Nf8 15.
Qd3 Nb4 16. Qxf5 Qd7 17. Qxd7+ Kxd7 18. Bd2 Ne6 19. Bxb4 Nxf4 20. Bxe7 Kxe7 21.
Ng5 Ne2+ 22. Kh1 h6 23. Rxf7+ Ke8 24. Rf2 hxg5 25. Rxe2 Rh4 26. Rd1 Ra7 27. g3
Rh6 28. Rc1 Ke7 29. Rec2 Ke6 30. Rf2 Ke7 31. Kg2 Kd8 32. Rf5 Rg6 33. Kf3 g4+
34. Kf4 Rh6 35. Rc2 Rc7 36. Rf8+ Ke7 37. Rxc7+ Kxf8 38. Rc2 1-0

[Event "France - Open A"]
[Site "Chartres"]
[Date "2019.08.24"]
[Round "8.38"]
[White "Bellaiche, Elise"]
[Black "Calvo, Dylan"]
[Result "1/2-1/2"]
[WhiteElo "1996"]
[BlackElo "1975"]
[PlyCount "30"]
[EventDate "2019.08.??"]
[EventType "swiss"]
[EventRounds "9"]
[EventCountry "FRA"]
[WhiteTeam "Cercle d'Echecs de Villepinte"]
[BlackTeam "Echiquier Tressois"]

1. e4 c5 2. Nf3 Nc6 3. d4 cxd4 4. Nxd4 g6 5. c4 Bg7 6. Be3 Nf6 7. Nc3 O-O 8.
Be2 d6 9. O-O Bd7 10. Nc2 a5 11. f3 Nb4 12. Nd4 Nc6 13. Nc2 Nb4 14. Nd4 Nc6 15.
Nc2 Nb4 1/2-1/2

[Event "France - Open A"]
[Site "Chartres"]
[Date "2019.08.24"]
[Round "8.39"]
[White "Labrande, Theodore"]
[Black "Gonzalez, Loic"]
[Result "1-0"]
[WhiteElo "1996"]
[BlackElo "1971"]
[PlyCount "93"]
[EventDate "2019.08.??"]
[EventType "swiss"]
[EventRounds "9"]
[EventCountry "FRA"]
[WhiteTeam "La Tour Saint Pierroise"]
[BlackTeam "AGJA-Echiquier Aquitaine"]

1. e4 e5 2. Nf3 Nc6 3. Bc4 Bc5 4. c3 Nf6 5. d4 exd4 6. cxd4 Bb4+ 7. Nc3 Nxe4 8.
O-O Bxc3 9. d5 Ne5 10. bxc3 Nxc4 11. Qd4 O-O 12. Qxe4 Nd6 13. Qd3 b6 14. Bg5 f6
15. Bf4 Bb7 16. Bxd6 cxd6 17. Nh4 Qe7 18. Nf5 Qf7 19. Rae1 Kh8 20. Re7 Qxd5 21.
Qg3 Rf7 22. c4 Qxf5 23. Rxf7 Qg6 24. Qxg6 hxg6 25. Rxd7 Ba6 26. Rc1 Re8 27. h3
Re2 28. a3 Re4 29. Rxa7 Bxc4 30. f3 Rd4 31. Re1 b5 32. Ree7 Kh7 33. Rxg7+ Kh6
34. Rge7 Kg5 35. Kf2 d5 36. Re1 Rd2+ 37. Kg3 d4 38. Rd7 d3 39. f4+ Kf5 40. Kf3
Re2 41. Rxe2 dxe2 42. Re7 g5 43. g4+ Kg6 44. f5+ Kh6 45. Kf2 Bd3 46. Ke1 Bc4
47. Kd2 1-0

[Event "France - Open A"]
[Site "Chartres"]
[Date "2019.08.24"]
[Round "8.40"]
[White "Azymah, Remy"]
[Black "Dubuisson, Samuel"]
[Result "0-1"]
[WhiteElo "1957"]
[BlackElo "1996"]
[PlyCount "62"]
[EventDate "2019.08.??"]
[EventType "swiss"]
[EventRounds "9"]
[EventCountry "FRA"]
[WhiteTeam "Evry Grand Roque"]
[BlackTeam "Amicale Laique de Molinghem"]

1. e4 d6 2. d4 Nf6 3. Nc3 c6 4. h3 Nbd7 5. g4 h6 6. Bg2 e5 7. Nge2 Be7 8. O-O
Qc7 9. Be3 b5 10. a3 Bb7 11. Ng3 a6 12. Nf5 Bf8 13. f4 g6 14. Ng3 O-O-O 15. d5
cxd5 16. Nxd5 Nxd5 17. exd5 exf4 18. Bxf4 Bg7 19. a4 b4 20. c3 bxc3 21. bxc3
Nc5 22. Ne2 Rhe8 23. g5 h5 24. Nd4 Ne4 25. Qb3 Nxc3 26. Nc6 Bxc6 27. Rac1 Bxa4
28. Rxc3 Bd4+ 29. Kh1 Bxb3 30. Rxc7+ Kxc7 31. Rc1+ Kd7 0-1

[Event "France - Open A"]
[Site "Chartres"]
[Date "2019.08.24"]
[Round "8.41"]
[White "Marchais, Antoine"]
[Black "Chartier, Antoine"]
[Result "1-0"]
[WhiteElo "1975"]
[BlackElo "2013"]
[PlyCount "89"]
[EventDate "2019.08.??"]
[EventType "swiss"]
[EventRounds "9"]
[EventCountry "FRA"]
[WhiteTeam "Rennes Paul Bert"]
[BlackTeam "Le Petit-Roque de Sèvres-Ville d'Avray"]

1. e4 Nf6 2. e5 Nd5 3. c4 Nb6 4. d4 d6 5. exd6 exd6 6. h3 Be7 7. Nf3 Nc6 8. Nc3
O-O 9. Bd3 Nb4 10. O-O Nxd3 11. Qxd3 Bf6 12. b3 Qd7 13. Re1 Qf5 14. Ne4 Bd8 15.
Qe2 Qg6 16. Kh2 Bd7 17. Ng3 f5 18. Bf4 Bf6 19. Qd3 h6 20. Rad1 Rae8 21. Bc1 Bd8
22. Ne2 Qf7 23. d5 g5 24. Nfd4 f4 25. Nc3 Re5 26. Ne4 Rfe8 27. f3 Bf5 28. Nxf5
Qxf5 29. Bb2 Nd7 30. Bxe5 Nxe5 31. Qf1 h5 32. Nf2 Re7 33. Nd3 Rg7 34. Nxe5 dxe5
35. Qd3 Qf6 36. Qe4 g4 37. fxg4 Qh4 38. Qxe5 hxg4 39. Qe6+ Kh8 40. Qf5 Rg8 41.
Re6 f3 42. Rd4 g3+ 43. Kh1 Qxd4 44. Rh6+ Kg7 45. Rh7# 1-0

[Event "France - Open A"]
[Site "Chartres"]
[Date "2019.08.24"]
[Round "8.42"]
[White "De Lussac, Estephe"]
[Black "Brouard, Gregoire"]
[Result "0-1"]
[WhiteElo "1993"]
[BlackElo "1979"]
[PlyCount "60"]
[EventDate "2019.08.??"]
[EventType "swiss"]
[EventRounds "9"]
[EventCountry "FRA"]
[WhiteTeam "Lille Université Club Echiquier du Nord"]
[BlackTeam "J.E.E.N."]

1. Nf3 Nf6 2. c4 c5 3. b3 d5 4. cxd5 Nxd5 5. g3 Nc6 6. Bb2 f6 7. Bg2 e5 8. d3
Be6 9. O-O Be7 10. Nc3 Nc7 11. Rc1 Qd7 12. Na4 b6 13. Qc2 Rc8 14. Qb1 O-O 15.
Rfd1 Nd4 16. Nxd4 exd4 17. e4 Bh3 18. Bxh3 Qxh3 19. b4 Ne6 20. f4 f5 21. exf5
Rxf5 22. Qc2 Rf6 23. Qc4 Kh8 24. Rf1 Rcf8 25. Rce1 g5 26. f5 Rxf5 27. Rxf5 Rxf5
28. bxc5 bxc5 29. Qc2 Bd6 30. Bc1 Bxg3 0-1

[Event "France - Open A"]
[Site "Chartres"]
[Date "2019.08.24"]
[Round "8.43"]
[White "Herault, Theotime"]
[Black "Afraoui, Solenn"]
[Result "0-1"]
[WhiteElo "1980"]
[BlackElo "1974"]
[PlyCount "106"]
[EventDate "2019.08.??"]
[EventType "swiss"]
[EventRounds "9"]
[EventCountry "FRA"]
[WhiteTeam "Echecs Club de Corbas"]
[BlackTeam "U.S.Villejuif Echecs"]

1. d4 Nf6 2. c4 e6 3. Nc3 Bb4 4. a3 Bxc3+ 5. bxc3 d5 6. f3 c5 7. e3 O-O 8. cxd5
exd5 9. Bd3 Re8 10. Ne2 Nc6 11. O-O c4 12. Bc2 b5 13. Ng3 a5 14. e4 dxe4 15.
fxe4 Bg4 16. Qd2 Rb8 17. Qf4 Qd7 18. Rb1 Nh5 19. Qg5 Nxg3 20. hxg3 h6 21. Qh4
b4 22. Ba4 Rxe4 23. Bf4 Be2 24. Rfe1 Rc8 25. Rb2 Bd3 26. Rxe4 Bxe4 27. axb4
axb4 28. Rxb4 Qe6 29. Rb5 Ra8 30. Qh5 Rxa4 31. d5 Bxd5 32. Rxd5 Qe1+ 33. Kh2
Ra1 34. Kh3 Qxc3 35. Kg4 Qc2 36. Rd2 Qg6+ 37. Qxg6 fxg6 38. Rc2 Ra4 39. Rc3 Kf7
40. Kf3 Ke6 41. Ke4 Na7 42. Rc2 Nb5 43. Be3 Nd6+ 44. Kf3 Ra3 45. Ke2 Kd5 46.
Rd2+ Kc6 47. Bf4 Nb5 48. Be5 Ra7 49. Kf2 Re7 50. Ba1 Kc5 51. Rd8 c3 52. Rc8+
Kb4 53. Rb8 Re5 0-1

[Event "France - Open A"]
[Site "Chartres"]
[Date "2019.08.24"]
[Round "8.44"]
[White "Bourges, Jerome"]
[Black "Logie, Marc"]
[Result "0-1"]
[WhiteElo "1962"]
[BlackElo "1980"]
[PlyCount "142"]
[EventDate "2019.08.??"]
[EventType "swiss"]
[EventRounds "9"]
[EventCountry "FRA"]
[WhiteTeam "USAM Echiquier Brestois"]
[BlackTeam "Club d'Echecs du Vesinet"]

1. d4 d6 2. c4 e5 3. d5 f5 4. e4 Nf6 5. exf5 Bxf5 6. Nc3 Be7 7. Nge2 O-O 8. Ng3
Bg6 9. Bd3 Bxd3 10. Qxd3 Nbd7 11. Be3 Ng4 12. Nce4 Nxe3 13. Qxe3 Qe8 14. O-O
Qg6 15. Qe2 Bh4 16. Rac1 Rf4 17. f3 Bxg3 18. hxg3 Rf7 19. b4 Nf6 20. Nxf6+ Rxf6
21. g4 h5 22. gxh5 Qxh5 23. c5 Rh6 24. Rc4 Rf8 25. Re1 Qh2+ 26. Kf2 Rg6 27. Rg1
Rf4 28. Rxf4 Qxf4 29. cxd6 Rxd6 30. Rd1 Qxb4 31. Qxe5 Qh4+ 32. Kg1 Qf6 33. Qe8+
Qf8 34. Qa4 a6 35. Re1 b5 36. Qe4 Qf7 37. Rd1 c6 38. Qb4 Rxd5 39. Rxd5 Qxd5 40.
Qe7 c5 41. Qe8+ Kh7 42. Qc8 c4 43. Qh3+ Kg6 44. Qg4+ Kf6 45. Qf4+ Ke6 46. Qe3+
Kd7 47. Qa7+ Kd8 48. Qb6+ Ke7 49. Qc7+ Kf6 50. Qf4+ Qf5 51. Qd6+ Qe6 52. Qd4+
Kf7 53. Qf4+ Qf6 54. Qc7+ Kg6 55. Qg3+ Kf5 56. Qg4+ Ke5 57. Qd7 g6 58. Qd2 Qf4
59. Qe2+ Kd4 60. Qb2+ Kd5 61. Qa3 Qd4+ 62. Kh1 c3 63. Qxa6 Qc4 64. Qb7+ Qc6 65.
Qf7+ Kd4 66. Qf4+ Kd3 67. Qg3 c2 68. f4+ Kd2 69. Qf2+ Kc3 70. Qe3+ Kb2 71. Qb3+
Ka1 0-1

[Event "France - Open A"]
[Site "Chartres"]
[Date "2019.08.24"]
[Round "8.45"]
[White "Rasolo, Loick"]
[Black "Afraoui, Anaelle"]
[Result "1/2-1/2"]
[WhiteElo "1965"]
[BlackElo "2163"]
[PlyCount "114"]
[EventDate "2019.08.??"]
[EventType "swiss"]
[EventRounds "9"]
[EventCountry "FRA"]
[WhiteTeam "Marseille Passion Echecs"]
[BlackTeam "Clichy-Echecs-92"]

1. e4 c5 2. Nc3 Nc6 3. Bb5 Nd4 4. Nf3 Qc7 5. Be2 Nf6 6. O-O e6 7. Re1 a6 8. a4
Be7 9. d3 O-O 10. Bf1 Nc6 11. h3 b6 12. g4 Bb7 13. Bg2 Rad8 14. Bg5 h6 15. Bh4
d5 16. Bg3 Qc8 17. exd5 Nxd5 18. Nxd5 Rxd5 19. Ne5 Rd4 20. Nxc6 Bxc6 21. Bxc6
Qxc6 22. b3 Rd7 23. Qe2 b5 24. Qe4 Qb6 25. axb5 axb5 26. Ra8 Rxa8 27. Qxa8+ Rd8
28. Qe4 Bf6 29. Be5 Bxe5 30. Qxe5 Qc6 31. Qe4 Qxe4 32. Rxe4 Kf8 33. b4 Rc8 34.
bxc5 Rxc5 35. Re2 Ke7 36. Kf1 Kf6 37. Ke1 Kg5 38. Kd2 Kh4 39. Re3 h5 40. Rg3 g5
41. gxh5 Kxh5 42. Rg4 f5 43. Rb4 f4 44. c4 bxc4 45. dxc4 Kh4 46. Kd3 Rc8 47.
Rb5 f3 48. Re5 Rg8 49. Ke3 Kxh3 50. Kxf3 Rf8+ 51. Ke3 g4 52. Rxe6 Rf3+ 53. Kd4
Rxf2 54. Rh6+ Kg2 55. c5 g3 56. c6 Rc2 57. Kd5 Kf2 1/2-1/2

[Event "France - Open A"]
[Site "Chartres"]
[Date "2019.08.24"]
[Round "8.46"]
[White "Arnaud, Aurelien"]
[Black "Fruteau, Sabine"]
[Result "1/2-1/2"]
[WhiteElo "2160"]
[BlackElo "1968"]
[PlyCount "74"]
[EventDate "2019.08.??"]
[EventType "swiss"]
[EventRounds "9"]
[EventCountry "FRA"]
[WhiteTeam "L'Echiquier Châlonnais"]
[BlackTeam "Orcher la Tour"]

1. d4 Nf6 2. c4 e6 3. Nf3 d5 4. g3 c6 5. Bg2 Bb4+ 6. Bd2 Be7 7. Qc2 dxc4 8.
Qxc4 O-O 9. O-O Nbd7 10. b4 Ne4 11. Bf4 Ndf6 12. Nfd2 Nd6 13. Bxd6 Qxd6 14. a3
e5 15. dxe5 Qxe5 16. Nc3 Qh5 17. Rfd1 Be6 18. Qf4 Ng4 19. Nf3 Bf6 20. Rac1 Rac8
21. Ne4 Bb2 22. Rc5 Bd5 23. h3 Ne5 24. Nd6 Rb8 25. Nf5 Ng6 26. Qd2 Qxf5 27.
Qxb2 b6 28. Rcc1 Rfe8 29. Qd2 Qf6 30. Nd4 Bxg2 31. Kxg2 Rbc8 32. Nf3 h6 33. Rc2
Rcd8 34. Qc1 Rxd1 35. Qxd1 Rd8 36. Rd2 Rxd2 37. Qxd2 Qe7 1/2-1/2

[Event "France - Open A"]
[Site "Chartres"]
[Date "2019.08.24"]
[Round "8.47"]
[White "Perradin, Vincent"]
[Black "Radoman, Emmanuel"]
[Result "0-1"]
[WhiteElo "1982"]
[BlackElo "1956"]
[PlyCount "78"]
[EventDate "2019.08.??"]
[EventType "swiss"]
[EventRounds "9"]
[EventCountry "FRA"]
[WhiteTeam "Echecs Club de Villeurbanne"]
[BlackTeam "Nice Alekhine"]

1. e4 d6 2. d4 Nf6 3. Nc3 g6 4. Be3 c6 5. Qd2 b5 6. f3 Nbd7 7. O-O-O Qa5 8. Kb1
Bb7 9. Nd5 Qxd2 10. Nxf6+ Nxf6 11. Rxd2 Bg7 12. Bd3 O-O 13. Ne2 a6 14. g4 Rac8
15. g5 Nd7 16. h4 c5 17. c3 Rc7 18. h5 Rfc8 19. hxg6 hxg6 20. Rf1 e5 21. f4
exd4 22. cxd4 c4 23. Bc2 b4 24. Ng3 c3 25. Rdf2 cxb2 26. f5 Rc3 27. fxg6 fxg6
28. Bb3+ d5 29. exd5 Rxe3 30. Rf7 Rc1+ 31. Kxb2 Rxf1 32. Rxf1 Bxd4+ 33. Kc2
Rxg3 34. d6+ Kh8 35. Rf4 Be5 36. Rf7 Be4+ 37. Kc1 Rc3+ 38. Kd2 Rd3+ 39. Ke2
Rxd6 0-1

[Event "France - Open A"]
[Site "Chartres"]
[Date "2019.08.24"]
[Round "8.48"]
[White "Gautier, Joel"]
[Black "Gueriche, Guillaume"]
[Result "1-0"]
[WhiteElo "1975"]
[BlackElo "1950"]
[PlyCount "53"]
[EventDate "2019.08.??"]
[EventType "swiss"]
[EventRounds "9"]
[EventCountry "FRA"]
[WhiteTeam "Ass des joueurs d'Echecs du Barreau de Paris"]
[BlackTeam "Lyon Olympique Echecs"]

1. e4 c5 2. Nf3 e6 3. d4 cxd4 4. Nxd4 a6 5. Nc3 Qc7 6. Qf3 b5 7. Bf4 d6 8. Be3
Bb7 9. O-O-O b4 10. Na4 Nf6 11. Bd3 Nbd7 12. Qg3 Nxe4 13. Qh3 Qa5 14. Nxe6 Ndf6
15. Bb6 Qxa4 16. Nc7+ Ke7 17. f3 Rc8 18. Bxe4 Bxe4 19. fxe4 Rb8 20. e5 Rxb6 21.
exf6+ Kd8 22. Nd5 Rc6 23. Kb1 Qxc2+ 24. Ka1 a5 25. Qe3 Qc5 26. fxg7 Bxg7 27.
Qg5+ 1-0

[Event "France - Open A"]
[Site "Chartres"]
[Date "2019.08.24"]
[Round "8.49"]
[White "Fischer, Thorange"]
[Black "Galloux, Maxime"]
[Result "1/2-1/2"]
[WhiteElo "1979"]
[BlackElo "2039"]
[PlyCount "79"]
[EventDate "2019.08.??"]
[EventType "swiss"]
[EventRounds "9"]
[EventCountry "FRA"]
[WhiteTeam "Clichy-Echecs-92"]
[BlackTeam "Tour Blanche Echecs"]

1. Nf3 Nf6 2. c4 g6 3. g3 Bg7 4. Bg2 O-O 5. O-O d6 6. Nc3 e5 7. d3 Nc6 8. Rb1
a5 9. a3 h6 10. b4 axb4 11. axb4 Be6 12. b5 Ne7 13. Bd2 Qd7 14. Re1 Bh3 15. Bh1
Ng4 16. Qc2 f5 17. Rec1 g5 18. Nd1 f4 19. c5 d5 20. c6 bxc6 21. bxc6 Qe6 22.
Rb7 e4 23. dxe4 dxe4 24. Rxc7 exf3 25. Bxf3 fxg3 26. hxg3 Ne5 27. Bb4 Nd5 28.
Bxd5 Qxd5 29. Ne3 Qe6 30. Bxf8 Rxf8 31. Qc5 Kh8 32. Qa7 Qf6 33. Nd5 Qg6 34. f3
g4 35. f4 Qe4 36. Ne3 Nf3+ 37. exf3 Qxf3 38. Rxg7 Qxg3+ 39. Kh1 Qf3+ 40. Kg1
1/2-1/2

[Event "France - Open A"]
[Site "Chartres"]
[Date "2019.08.24"]
[Round "8.50"]
[White "Prevot, Rodolphe"]
[Black "Venard, Gautier"]
[Result "0-1"]
[WhiteElo "1933"]
[BlackElo "1968"]
[PlyCount "36"]
[EventDate "2019.08.??"]
[EventType "swiss"]
[EventRounds "9"]
[EventCountry "FRA"]
[WhiteTeam "A.A.J. Blois"]
[BlackTeam "Vandoeuvre-Echecs"]

1. Nf3 d5 2. c4 e6 3. g3 c5 4. Bg2 Nf6 5. O-O Be7 6. cxd5 exd5 7. d4 Nc6 8. Nc3
O-O 9. Bf4 Bg4 10. dxc5 Bxc5 11. Rc1 Bb6 12. Bg5 Re8 13. Qa4 d4 14. Rcd1 h6 15.
Bxf6 Qxf6 16. Nd5 Qf5 17. Qb5 Rad8 18. Nh4 Qh5 0-1

[Event "France - Open A"]
[Site "Chartres"]
[Date "2019.08.25"]
[Round "9.7"]
[White "L'Huillier, Thibaud"]
[Black "Weill, Roland"]
[Result "1/2-1/2"]
[WhiteElo "2093"]
[BlackElo "2146"]
[Annotator "Alain"]
[PlyCount "89"]
[EventDate "2019.08.??"]
[EventType "swiss"]
[EventRounds "9"]
[EventCountry "FRA"]
[WhiteTeam "Club d'Echecs de Saint-Maur"]
[BlackTeam "Echiquier Centre Vaucluse "]

1. d4 Nf6 2. c4 e6 3. Nf3 b6 4. g3 Bb7 5. Bg2 Be7 6. O-O O-O 7. Nc3 Ne4 8. Nd2
Nxc3 9. bxc3 Bxg2 10. Kxg2 c5 11. e4 d5 12. cxd5 exd5 13. e5 Nc6 14. Nf3 Qd7
15. Re1 Rae8 16. Ba3 cxd4 17. Bxe7 Rxe7 18. cxd4 f6 19. Rc1 Re6 20. Qd3 Rfe8
21. exf6 Rxe1 22. Rxe1 Rxe1 23. f7+ Qxf7 24. Nxe1 Qe6 25. Nc2 b5 26. Kf1 a6 27.
a4 Na7 28. axb5 Nxb5 29. Qe3 Qxe3 30. fxe3 a5 31. Ke2 Kf7 32. Kd3 Ke6 33. g4
Nd6 34. Na3 Ne4 35. Ke2 a4 36. h4 g6 37. Nc2 h5 38. gxh5 gxh5 39. Nb4 Ng3+ 40.
Kd2 Nf5 41. Nd3 a3 42. Nf4+ Kf7 43. Kc3 Nxe3 44. Nxh5 Nf5 45. Nf4 1/2-1/2

[Event "France - Open A"]
[Site "Chartres"]
[Date "2019.08.25"]
[Round "9.8"]
[White "Amoyal, Pierre"]
[Black "Mahieu, Luc"]
[Result "1-0"]
[WhiteElo "2093"]
[BlackElo "2084"]
[PlyCount "89"]
[EventDate "2019.08.??"]
[EventType "swiss"]
[EventRounds "9"]
[EventCountry "FRA"]
[WhiteTeam "Agneaux Saint-Lô"]
[BlackTeam "Nomad' Echecs"]

1. d4 Nf6 2. c4 g6 3. Nc3 Bg7 4. e4 d6 5. Nf3 O-O 6. Be2 e5 7. O-O Na6 8. Re1
Qe8 9. Bf1 Bg4 10. Be3 Nd7 11. Be2 Nb4 12. d5 a5 13. a3 Na6 14. Rb1 h6 15. Qd2
Kh7 16. Ng5+ hxg5 17. Bxg4 f5 18. exf5 gxf5 19. Qc2 Qg6 20. Be2 Nf6 21. b4 axb4
22. axb4 Rae8 23. f3 g4 24. Rb3 gxf3 25. Bxf3 Ng4 26. Bxg4 Qxg4 27. Ne2 Kg8 28.
h3 Qh5 29. Ng3 Qg6 30. Bf2 Bh6 31. c5 Re7 32. c6 bxc6 33. dxc6 Nb8 34. b5 Qf7
35. Rf3 Bf4 36. Rxf4 exf4 37. Rxe7 Qxe7 38. Nxf5 Qf6 39. Qc4+ Kh7 40. Nd4 Rf7
41. Nf3 Qf5 42. Qxf7+ Qxf7 43. Ng5+ Kg6 44. Nxf7 Kxf7 45. Ba7 1-0

[Event "France - Open A"]
[Site "Chartres"]
[Date "2019.08.25"]
[Round "9.9"]
[White "Rode, Antony"]
[Black "Caloone, Thomas"]
[Result "0-1"]
[WhiteElo "2076"]
[BlackElo "2111"]
[PlyCount "72"]
[EventDate "2019.08.??"]
[EventType "swiss"]
[EventRounds "9"]
[EventCountry "FRA"]
[WhiteTeam "Club d'Echecs du Vesinet"]
[BlackTeam "Lille Université Club Echiquier du Nord"]

1. e4 e5 2. Nf3 Nc6 3. Bc4 Bc5 4. c3 Nf6 5. d3 d6 6. Bb3 h6 7. Nbd2 O-O 8. h3
Be6 9. Nf1 d5 10. Qe2 Na5 11. Nxe5 Nxb3 12. axb3 dxe4 13. d4 Bb6 14. Ng3 Bxb3
15. O-O Re8 16. Ra3 Be6 17. Re1 c5 18. dxc5 Bxc5 19. b4 Bd6 20. Nc4 Bxg3 21.
fxg3 Qc7 22. Ne3 Qxg3 23. c4 Qg6 24. Nf1 e3 25. Kh1 Qe4 26. Rxe3 Qxc4 27. Qxc4
Bxc4 28. Rxe8+ Rxe8 29. Rxe8+ Nxe8 30. Ne3 Be6 31. Nc2 Kf8 32. Kg1 Ke7 33. Kf2
Kd6 34. Ke3 Kd5 35. Na3 Nd6 36. g4 f5 0-1

[Event "France - Open A"]
[Site "Chartres"]
[Date "2019.08.25"]
[Round "9.10"]
[White "Ribiere, Damien"]
[Black "Meunier-Pion, Jean"]
[Result "1-0"]
[WhiteElo "2042"]
[BlackElo "2193"]
[PlyCount "83"]
[EventDate "2019.08.??"]
[EventType "swiss"]
[EventRounds "9"]
[EventCountry "FRA"]
[WhiteTeam "Club d'Echecs de Guyancourt"]
[BlackTeam "U.S. Orléans.Echecs"]

1. e4 c5 2. a3 e5 3. Nc3 Nf6 4. Bc4 Nc6 5. d3 h6 6. Nge2 a6 7. Ba2 Be7 8. O-O
d6 9. h3 b5 10. f4 O-O 11. Nd5 Kh8 12. Ng3 Ng8 13. Nxe7 Qxe7 14. Bd5 Qc7 15. f5
f6 16. Nh5 Bd7 17. Rf3 Nge7 18. Bxh6 Nxd5 19. Bxg7+ Kg8 20. exd5 Nd4 21. Bxf8
Nxf3+ 22. Qxf3 Kxf8 23. Nxf6 Be8 24. Ne4 c4 25. Ng5 Qa7+ 26. Kh2 Bf7 27. Ne6+
Ke8 28. g4 cxd3 29. cxd3 Rc8 30. Rg1 Rc2+ 31. Rg2 Rxg2+ 32. Kxg2 Qb7 33. g5 Qc8
34. g6 Qc2+ 35. Kg3 Bg8 36. f6 Bxe6 37. dxe6 Kd8 38. f7 Qd2 39. f8=Q+ Kc7 40.
Q3f7+ Kc6 41. Qa8+ Kb6 42. Qf2+ 1-0

[Event "France - Open A"]
[Site "Chartres"]
[Date "2019.08.25"]
[Round "9.11"]
[White "Da Silva, Quentin"]
[Black "Labandibar, Benoit"]
[Result "1-0"]
[WhiteElo "2161"]
[BlackElo "2059"]
[PlyCount "75"]
[EventDate "2019.08.??"]
[EventType "swiss"]
[EventRounds "9"]
[EventCountry "FRA"]
[WhiteTeam "U.S.Villejuif Echecs"]
[BlackTeam "MJC Chécy"]

1. e4 c6 2. Nc3 d5 3. Qf3 d4 4. Bc4 Nf6 5. e5 dxc3 6. exf6 exf6 7. Qxc3 Bd6 8.
Qe3+ Qe7 9. Qxe7+ Kxe7 10. d4 Bf5 11. c3 Re8 12. Be3 Kf8 13. Ne2 Nd7 14. O-O-O
Be4 15. Bf4 Bxf4+ 16. Nxf4 g5 17. f3 b5 18. Bd3 Bxd3 19. Nxd3 Re2 20. Rd2 Rae8
21. Kd1 R2e3 22. Nb4 c5 23. Nd5 cxd4 24. Nxe3 Rxe3 25. Rxd4 Nb6 26. Re1 Re6 27.
Rxe6 fxe6 28. Rd8+ Kf7 29. Rb8 Nc4 30. Rxb5 Ne3+ 31. Kd2 Nxg2 32. Rb7+ Kg6 33.
Rxa7 f5 34. b4 g4 35. fxg4 f4 36. b5 f3 37. b6 Nf4 38. Ke1 1-0

[Event "France - Open A"]
[Site "Chartres"]
[Date "2019.08.25"]
[Round "9.12"]
[White "Sabatier, Mathis"]
[Black "Gourbiere, Yohan"]
[Result "1/2-1/2"]
[WhiteElo "2152"]
[BlackElo "2040"]
[PlyCount "84"]
[EventDate "2019.08.??"]
[EventType "swiss"]
[EventRounds "9"]
[EventCountry "FRA"]
[WhiteTeam "Echecs Club de Corbas"]
[BlackTeam "Echecs Club Montpellier"]

1. Nf3 c5 2. g3 g6 3. Bg2 Bg7 4. c4 Nc6 5. Nc3 e6 6. d4 cxd4 7. Nb5 d5 8. cxd5
Qa5+ 9. Nd2 Qxb5 10. dxc6 Ne7 11. Ne4 O-O 12. a4 Qb6 13. a5 Qc7 14. Bd2 Nxc6
15. a6 Qb6 16. Nd6 Rb8 17. axb7 Bxb7 18. Qa4 Ba8 19. O-O Ne5 20. Bxa8 Rxa8 21.
Bb4 Rfd8 22. Ne4 a5 23. Bxa5 Qxb2 24. Qd1 Rdc8 25. Bd2 Rxa1 26. Qxa1 Qxa1 27.
Rxa1 d3 28. Re1 Rc2 29. Be3 dxe2 30. Nd2 Rxd2 31. Bxd2 Nf3+ 32. Kg2 Nxe1+ 33.
Bxe1 h5 34. Kf3 Kf8 35. Kxe2 Ke7 36. h3 Kd6 37. Kf3 Kd5 38. g4 hxg4+ 39. hxg4
Kd4 40. Ke2 Ke4 41. Bd2 Be5 42. f3+ Kd5 1/2-1/2